Normal view
MARC view
- حاسبات الكترونية -مصطلحات -معاجم
Entry Topical Term
001 - CONTROL NUMBER
- control field: 19843
003 - CONTROL NUMBER IDENTIFIER
- control field: JO-AjAnu
005 - DATE AND TIME OF LATEST TRANSACTION
- control field: 20230606073448.0
008 - FIXED-LENGTH DATA ELEMENTS
- fixed length control field: 230606|| aca||aabn | a|a d
040 ## - CATALOGING SOURCE
- Original cataloging agency: JO-AjAnu
- Transcribing agency: JO-AjAnu
150 ## - HEADING--TOPICAL TERM
- Topical term or geographic name entry element: حاسبات الكترونية -مصطلحات -معاجم
670 ## - SOURCE DATA FOUND
- Source citation: Work cat.: (JO-AjAnu)10187: العقاد ، ياسر /م مشارك ايمن سيد المراشدة , author 19842, دليل مصطلحات الحاسب